Southville International School and Colleges
Your cart is empty.
  • Cart
  • Lists
    Public lists Eva Luna New books Lux_list list_1
    Your lists Log in to create your own lists
  • Log in to your account
  • Your cookies
  • Search history
Southville International School and Colleges
  • Advanced search
  • Recent comments
  • Most popular
  • Libraries

Log in to your account

Log in with GOOGLE


If you do not have an external account, but do have a local account, you can still log in:

  1. Home
  2. MARC view: Cow that could tap dance (The) /
Normal view MARC view ISBD view

Cow that could tap dance (The) / (Record no. 111449)

[ view plain ]
MARC details
000 -LEADER
fixed length control field 00555nam a2200193 a 4500
001 - CONTROL NUMBER
control field 3316
005 - DATE AND TIME OF LATEST TRANSACTION
control field 20140414131915.0
008 - FIXED-LENGTH DATA ELEMENTS--GENERAL INFORMATION
fixed length control field 040601s19uu xx 00 eng d
020 ## - INTERNATIONAL STANDARD BOOK NUMBER
International Standard Book Number 0-8136-4620-0
050 ## - LIBRARY OF CONGRESS CALL NUMBER
Classification number ER
Item number C63 1991
100 ## - MAIN ENTRY--PERSONAL NAME
Personal name Slater, Teddy
245 ## - TITLE STATEMENT
Title Cow that could tap dance (The) /
Statement of responsibility, etc by Teddy Slater; pictures by Sandra Forrest.
260 ## - PUBLICATION, DISTRIBUTION, ETC. (IMPRINT)
Place of publication, distribution, etc [s.l.] :
Name of publisher, distributor, etc Modern Curriculum Press,
Date of publication, distribution, etc 1991.
300 ## - PHYSICAL DESCRIPTION
Extent 1 v. (unp.) : ill. ; cm.
440 ## - SERIES STATEMENT/ADDED ENTRY--TITLE
Title Is That So?
650 ## - SUBJECT ADDED ENTRY--TOPICAL TERM
Topical term or geographic name as entry element Cows--Fiction.
650 ## - SUBJECT ADDED ENTRY--TOPICAL TERM
Topical term or geographic name as entry element Children stories.
Holdings
Withdrawn status Lost status Damaged status Use restrictions Home library Current library Shelving location Date acquired Source of acquisition Total Checkouts Full call number Barcode Date last seen Price effective from Koha item type
        Munich Library Munich Library Easy Reading Section 06/01/2004     ER C63 1991 M2178 04/14/2014 04/14/2014 Books

Cow that could tap dance (The) /

APA

Slater T., . (1991). Cow that could tap dance (The). [s.l.]: Modern Curriculum Press.

Chicago

Slater Teddy, . 1991. Cow that could tap dance (The). [s.l.]: Modern Curriculum Press.

Harvard

Slater T., . (1991). Cow that could tap dance (The). [s.l.]: Modern Curriculum Press.

MLA

Slater Teddy, . Cow that could tap dance (The). [s.l.]: Modern Curriculum Press. 1991.

  • Place hold
  • Print
  • Cite
  • Add to your cart (remove)
  • Save record
    BIBTEX Dublin Core MARCXML MARC (non-Unicode/MARC-8) MARC (Unicode/UTF-8) MARC (Unicode/UTF-8, Standard) MODS (XML) RIS
  • More searches
    Search for this title in:
    Other Libraries (WorldCat) Other Databases (Google Scholar) Online Stores (Bookfinder.com) Open Library (openlibrary.org)

Exporting to Dublin Core...

SOUTHVILLE LIBRARY

Southville International School and Colleges Library

1281 Tropical Ave. Cor. Luxembourg St., BF Homes International, Las Pinas City

Tel. No. 8256374 / 252358 Loc. 117/146

Powered by Koha